00776cam a2200241 a 450000100100000000500170001000800410002704000300006804200120009805000150011008200150012510000420014024500530018226000470023530000210028249000130030365100180031683000220033491000330035604900090038995201190039899900170051700001971920200929170120.0750604s1955 ve 000 0 spa d aDO-SdBNPcCtYdDLCdBNPHU apremarc00aF3059b.S2 annnbS115s1 aSabella, Andrés,d1912-1989.94216810aSemblanza del norte chileno /cAndrés Sabella. aSantiago de Chile :bUniversitaria,c1955. a103 p. ;c15 cm.1 aSaberv4 0aChile.941446 0aSaber ;v4942169 aCatalogación derivada / LC aBNGR 001054708MOaGRbGRcCTd2010-07-02iLF1l0onnn S115sp19719-10r2020-06-25w2020-06-25y4ZPréstamo en sala c19233d19233